| 000 | 00894nam a22002537a 4500 | ||
|---|---|---|---|
| 005 | 20170123162313.0 | ||
| 010 | _aB-029187 | ||
| 020 |
_c125.00 _a8185785295 |
||
| 035 | _aB-029187 | ||
| 037 | _bCen Lib/Ret | ||
| 040 |
_aDPL _bUR |
||
| 082 |
_a910.4 _bس ه گ |
||
| 100 |
_aسہگل، چرنجیت لال _9107824 |
||
| 245 |
_aسلام دیارِ وطن : _cچرنجیت لال سہگل _bسفرنامہ پاکستانی مقبوضہ کشمیر / |
||
| 246 |
_aSalam dyar-e-wattan _bby Chiranjit Lal Sehgal |
||
| 260 |
_bادارہ فکرے جدید _aنیی دہلی _c2000 |
||
| 270 |
_bنیی دہلی _a922, کچہ روہللہ خان دریاگنج _e110002 |
||
| 300 |
_a95p. _c21cm(Hb) |
||
| 650 |
_aاسلام _9113176 |
||
| 650 |
_aقران _9536 |
||
| 650 |
_aIslam _95289 |
||
| 650 |
_aQuraan _9113177 |
||
| 942 |
_2ddc _cUR _h910.4 _mس ه گ |
||
| 999 |
_c106554 _d106554 |
||